000 01245nam a22002777a 4500
005 20170324143638.0
008 140714b xxu||||| |||| 00| 0 Urdu d
010 _aUR-8583 B-548308 B-665947
020 _c225.00
_a9789381029374
035 _aU-7138 B-548308 B-665947
037 _bBPPD/Publishers/Venders
037 _bDBAD/Pub.
037 _bStar Pub.(Ven.)/Arshia Pub.(Pub.)
040 _aDPL
_bUrdu
082 _a270
100 _aغو ث سيو ا نی
245 _aجد يد د نيا کے مسا عيل
_cغو ث سيو ا نی
246 _aJadeed Dunia ke masayel aur Tasawwuf
_bby Ghaus Siwani
260 _bArshia Publictions
_bStar Publications.( Vender)
_c2012
260 _a4/5Asaf Ali Road,New Delhi-110002
270 _aA-170,Ground Floor, 3,Surya Apartment, Dilshad Colony,
_b دھلی
_e110095
_k9971775969
300 _a280ص
_c22Cm(Pb)
942 _2ddc
_cUR
_mغ و ث
_h270
999 _c87836
_d87836